[Event "Junior Online 4NCL Division 4"]
[Site "online"]
[Date "2021.08.19"]
[EventDate "2021.08.19"]
[Round "1.182"]
[White "Bartoccioni Menconi, Leone"]
[WhiteElo "926"]
[WhiteTeam "Golden Falcons Junior 1"]
[Black "Green, Milo"]
[BlackElo "997"]
[BlackTeam "Leeds Juniors 5"]
[Result "1/2-1/2"]
[PlyCount "127"]

1. e4 e5 2. Nf3 Nc6 3. d4 exd4 4. Nxd4 Nf6 5. Nxc6 bxc6 6. e5 Nd5 7. c4 Nb6 8. Nc3 Bc5 9. Bf4 O-O 10. Bd3 d6 11. exd6 cxd6 12. O-O d5 13. cxd5 cxd5 14. Re1 Nc4 15. Bxc4 dxc4 16. Qxd8 Rxd8 17. Re5 Bd6 18. Rd5 g6 19. Rxd6 Rxd6 20. Bxd6 Bb7 21. h3 Rd8 22. Bf4 Bc6 23. Bh6 f6 24. Rd1 Rxd1+ 25. Nxd1 g5 26. h4 gxh4 27. Be3 Bd7 28. Bxa7 h3 29. gxh3 Bxh3 30. b3 Be6 31. bxc4 Bxc4 32. Bd4 Kf7 33. Kg2 Bxa2 34. Kf3 Bd5+ 35. Kf4 Ke6 36. Ne3 Kf7 37. Bxf6 Kxf6 38. Nxd5+ Kg6 39. Kg4 Kh6 40. f4 Kg6 41. f5+ Kf7 42. Kg5 Kf8 43. Kh6 Kg8 44. f6 Kh8 45. Kg5 Kg8 46. Ne7+ Kf7 47. Nf5 Kf8 48. Nh6 Ke8 49. Kf5 Kf8 50. Ke6 Ke8 51. Ke5 Kf8 52. f7 Ke7 53. Nf5+ Kxf7 54. Nh6+ Kg6 55. Ng4 h5 56. Nh2 Kg5 57. Ke4 Kh4 58. Kf3 Kh3 59. Nf1 h4 60. Kf2 Kg4 61. Kg1 h3 62. Kh1 Kf3 63. Kh2 Kf2 64. Kxh3 1/2-1/2

[Event "Junior Online 4NCL Division 4"]
[Site "online"]
[Date "2021.08.19"]
[EventDate "2021.08.19"]
[Round "1.183"]
[White "RoyChowdhury, Aashita"]
[WhiteElo "860"]
[WhiteTeam "Leeds Juniors 5"]
[Black "Masterskikh, Elena"]
[BlackElo "770"]
[BlackTeam "Golden Falcons Junior 1"]
[Result "1-0"]
[PlyCount "79"]

1. d4 b6 2. Nf3 c5 3. Bf4 Nc6 4. e3 cxd4 5. exd4 d6 6. Bb5 Bd7 7. O-O e5 8. dxe5 dxe5 9. Nxe5 Nxe5 10. Bxe5 Bxb5 11. Qxd8+ Kxd8 12. Rd1+ Bd7 13. Nc3 Bc5 14. Bxg7 Kc7 15. Bxh8 Bg4 16. Be5+ Kc6 17. Rd2 f6 18. Bg3 Re8 19. h3 Bf5 20. a3 Be6 21. b4 Bd6 22. Rxd6+ Kc7 23. Rxe6+ Kd7 24. Rxe8 Kxe8 25. Re1+ Kf7 26. Bb8 a5 27. bxa5 bxa5 28. Bc7 Ne7 29. Bxa5 Nc6 30. Bb4 Nxb4 31. axb4 h5 32. b5 f5 33. b6 f4 34. b7 f3 35. gxf3 Kf6 36. b8=Q Kf5 37. Qf8+ Kg5 38. Re7 Kg6 39. Rg7+ Kh6 40. Qh8# 1-0

[Event "Junior Online 4NCL Division 4"]
[Site "online"]
[Date "2021.08.19"]
[EventDate "2021.08.19"]
[Round "1.185"]
[White "Hany Kamal, Mohamed"]
[WhiteElo "1718"]
[WhiteTeam "Golden Falcons Junior 1"]
[Black "Vyas, Miraya"]
[BlackElo "1053"]
[BlackTeam "Leeds Juniors 5"]
[Result "1-0"]
[PlyCount "75"]

1. d4 d5 2. c4 dxc4 3. Nf3 Nf6 4. e3 Be6 5. Nc3 Nc6 6. h3 g6 7. e4 Nb4 8. d5 Bd7 9. Bxc4 c6 10. O-O Bg7 11. a3 Na6 12. dxc6 Bxc6 13. Ne5 Qxd1 14. Rxd1 O-O 15. Nxc6 bxc6 16. Bxa6 Rad8 17. Be3 Ne8 18. Rxd8 Bxc3 19. bxc3 Nc7 20. Rxf8+ Kxf8 21. Bb7 Ne6 22. Bxc6 Nd8 23. Bd7 Ne6 24. Bxe6 fxe6 25. Bxa7 Kg7 26. Bb6 e5 27. a4 e6 28. a5 Kf6 29. a6 g5 30. a7 Kg6 31. a8=Q g4 32. Qg8+ Kh6 33. Bc5 Kh5 34. Qf7+ Kh6 35. Bf8+ Kg5 36. Be7+ Kh6 37. Qf6+ Kh5 38. Qg5# 1-0

[Event "Junior Online 4NCL Division 4"]
[Site "online"]
[Date "2021.08.19"]
[EventDate "2021.08.19"]
[Round "1.186"]
[White "Green, Milo"]
[WhiteElo "997"]
[WhiteTeam "Leeds Juniors 5"]
[Black "Bartoccioni Menconi, Leone"]
[BlackElo "926"]
[BlackTeam "Golden Falcons Junior 1"]
[Result "0-1"]
[PlyCount "58"]

1. d4 Nf6 2. Nc3 e6 3. e4 d5 4. e5 Nfd7 5. Nf3 Nb6 6. Bd3 Nc6 7. O-O h6 8. Bb5 Bd7 9. Na4 Nxa4 10. Bxa4 Ne7 11. Bxd7+ Qxd7 12. b3 Ng6 13. Ba3 Bxa3 14. Rb1 O-O 15. b4 a5 16. Rb3 axb4 17. c3 bxc3 18. Qd3 Be7 19. Qxc3 Rxa2 20. Rxb7 Rc8 21. Rfb1 Ra3 22. Qd2 Qc6 23. Rb8 Rxb8 24. Rxb8+ Kh7 25. g3 Rxf3 26. Qe2 Qc1+ 27. Kg2 Ra3 28. Re8 Bh4 29. gxh4 Nxh4# 0-1

[Event "Junior Online 4NCL Division 4"]
[Site "online"]
[Date "2021.08.19"]
[EventDate "2021.08.19"]
[Round "1.187"]
[White "Masterskikh, Elena"]
[WhiteElo "770"]
[WhiteTeam "Golden Falcons Junior 1"]
[Black "RoyChowdhury, Aashita"]
[BlackElo "860"]
[BlackTeam "Leeds Juniors 5"]
[Result "0-1"]
[PlyCount "110"]

1. Nf3 d5 2. Nc3 Nf6 3. e4 dxe4 4. Ne5 Bf5 5. h3 e6 6. g4 Bg6 7. Nxg6 fxg6 8. f3 exf3 9. Qxf3 Nc6 10. Nb5 Bd6 11. Nxd6+ Qxd6 12. Qd3 Qxd3 13. cxd3 Nd4 14. g5 Nc2+ 15. Kd1 Nxa1 16. gxf6 gxf6 17. d4 O-O 18. Bc4 Kf7 19. Re1 Rfe8 20. d5 exd5 21. Bxd5+ Kg7 22. Rxe8 Rxe8 23. d4 Rd8 24. Bxb7 Rxd4+ 25. Bd2 f5 26. b4 f4 27. b5 g5 28. a4 Rxa4 29. Bc3+ Kg6 30. Be4+ Kh5 31. Bf3+ Kh6 32. Kc1 Nb3+ 33. Kb2 Ra5 34. Bxa5 Nxa5 35. Ka3 Nc4+ 36. Kb3 Nd2+ 37. Kb2 Nxf3 38. Ka3 Kh5 39. Ka4 Nd4 40. Ka5 f3 41. Ka6 f2 42. Kxa7 f1=Q 43. b6 cxb6 44. Kxb6 Kh4 45. Kc7 Kxh3 46. Kd8 g4 47. Kd7 g3 48. Kd6 g2 49. Kd5 g1=Q 50. Ke4 Qf3+ 51. Ke5 Qe1+ 52. Kd6 Qf6+ 53. Kd5 Qfe5+ 54. Kc4 Qc1+ 55. Kd3 Qee3# 0-1

[Event "Junior Online 4NCL Division 4"]
[Site "online"]
[Date "2021.08.19"]
[EventDate "2021.08.19"]
[Round "1.191"]
[White "Patel, Aashna"]
[WhiteElo "1081"]
[WhiteTeam "Chess Challengers E"]
[Black "Matveev, Grigory"]
[BlackElo "1137"]
[BlackTeam "Desert Penguins Unicorn"]
[Result "0-1"]
[PlyCount "64"]

1. e4 c5 2. Nc3 d6 3. Nf3 e6 4. d4 cxd4 5. Nxd4 Nc6 6. Nxc6 bxc6 7. Bd3 Nf6 8. Bg5 Be7 9. O-O O-O 10. Qe2 h6 11. Bh4 d5 12. Bxf6 Bxf6 13. e5 Be7 14. Rad1 Bd7 15. Qg4 f6 16. exf6 Bxf6 17. Rfe1 Qb6 18. Re3 d4 19. Rg3 dxc3 20. bxc3 Rf7 21. Bg6 Re7 22. Bh5 Bxc3 23. Rxc3 Be8 24. Bxe8 Raxe8 25. Rcd3 Rf8 26. R3d2 Kh8 27. Rf1 Ref7 28. Qxe6 Rf6 29. Qg4 Qe3 30. Qd4 Rxf2 31. Rfxf2 Qe1+ 32. Rf1 Qxf1# 0-1

[Event "Junior Online 4NCL Division 4"]
[Site "online"]
[Date "2021.08.19"]
[EventDate "2021.08.19"]
[Round "1.192"]
[White "Tengayev, Temir"]
[WhiteElo "895"]
[WhiteTeam "Desert Penguins Unicorn"]
[Black "Ciutac, Stefan"]
[BlackElo "1080"]
[BlackTeam "Chess Challengers E"]
[Result "0-1"]
[PlyCount "92"]

1. d4 Nf6 2. Nc3 g6 3. Nf3 Bg7 4. e4 d6 5. Bb5+ Bd7 6. Bxd7+ Nbxd7 7. O-O O-O 8. Bg5 h6 9. Bxf6 Nxf6 10. Re1 Re8 11. e5 dxe5 12. Nxe5 Nd7 13. Nxd7 Qxd7 14. Re4 a6 15. a3 b5 16. b4 Qc6 17. Qd3 Rad8 18. Rae1 Qf6 19. Rd1 e5 20. Qe3 Qe7 21. dxe5 Bxe5 22. Rxe5 Qxe5 23. Qxe5 Rxd1+ 24. Nxd1 Rxe5 25. Kf1 Kg7 26. f4 Rd5 27. Nf2 c5 28. bxc5 Rxc5 29. g3 Rxc2 30. Ke1 Ra2 31. Kf1 Rxa3 32. Ne4 Ra1+ 33. Kf2 Ra2+ 34. Kg1 b4 35. Nc5 Ra5 36. Nb3 Rd5 37. Nc1 Rd1+ 38. Kg2 Rxc1 39. Kh3 b3 40. Kg4 Rc3 41. Kh3 b2 42. Kg4 b1=Q 43. Kh3 Qf1+ 44. Kg4 f5+ 45. Kh4 g5+ 46. Kh5 Qh3# 0-1

[Event "Junior Online 4NCL Division 4"]
[Site "online"]
[Date "2021.08.19"]
[EventDate "2021.08.19"]
[Round "1.193"]
[White "Chavan, Aarav"]
[WhiteElo "1065"]
[WhiteTeam "Chess Challengers E"]
[Black "Deng, Jiahao"]
[BlackElo "935"]
[BlackTeam "Desert Penguins Unicorn"]
[Result "1-0"]
[PlyCount "27"]

1. d4 d5 2. Bf4 Nc6 3. e3 Nf6 4. Nf3 e6 5. Bd3 Bd6 6. Bg3 Bxg3 7. hxg3 O-O 8. c3 Ne4 9. Nbd2 Nxd2 10. Qxd2 b6 11. Bc2 Ba6 12. Bd3 Bxd3 13. Qxd3 a6 14. Qxh7# 1-0

[Event "Junior Online 4NCL Division 4"]
[Site "online"]
[Date "2021.08.19"]
[EventDate "2021.08.19"]
[Round "1.194"]
[White "Becker, Mia"]
[WhiteElo "700"]
[WhiteTeam "Desert Penguins Unicorn"]
[Black "Singh Gehlote, Sohum"]
[BlackElo "1129"]
[BlackTeam "Chess Challengers E"]
[Result "0-1"]
[PlyCount "52"]

1. d4 d5 2. e3 Nf6 3. Nf3 Nc6 4. Nc3 Bf5 5. Bd3 Be6 6. O-O g6 7. Bd2 Bg7 8. Ne5 Nxe5 9. dxe5 Nd7 10. b4 Nxe5 11. e4 d4 12. Nd5 Nxd3 13. cxd3 O-O 14. Qa4 Bd7 15. Bf4 Bxa4 16. Bxc7 Qd7 17. Rfb1 Qb5 18. Rc1 Qxd3 19. Rd1 Qxe4 20. Rdc1 Rac8 21. Rab1 Qxd5 22. Rc5 Qxa2 23. Rcc1 d3 24. Rd1 Bxd1 25. Rxd1 Bd4 26. Rf1 Rxc7 0-1

[Event "Junior Online 4NCL Division 4"]
[Site "online"]
[Date "2021.08.19"]
[EventDate "2021.08.19"]
[Round "1.195"]
[White "Matveev, Grigory"]
[WhiteElo "1137"]
[WhiteTeam "Desert Penguins Unicorn"]
[Black "Patel, Aashna"]
[BlackElo "1081"]
[BlackTeam "Chess Challengers E"]
[Result "1-0"]
[PlyCount "97"]

1. d4 d5 2. c4 dxc4 3. Nc3 Nf6 4. e3 Nc6 5. Bxc4 e5 6. Nf3 e4 7. Ng5 h6 8. Nxf7 Qd7 9. Nxh8 b6 10. Ng6 Bb7 11. Nxf8 Kxf8 12. Qc2 Nb4 13. Qb3 a5 14. O-O Ba6 15. Bxa6 Nxa6 16. f3 exf3 17. Rxf3 Qg4 18. h3 Qg6 19. Qd5 Re8 20. Qb7 Nb4 21. Qxc7 Nd3 22. Qd6+ Kg8 23. Qc6 Ne1 24. Rf1 Nd3 25. Rxf6 Qxf6 26. Qxe8+ Kh7 27. Qe4+ Qg6 28. Qxg6+ Kxg6 29. e4 Kf6 30. Bf4 Nxf4 31. Rd1 Ke6 32. d5+ Kd6 33. e5+ Kxe5 34. d6 Ne6 35. d7 Nd8 36. Nb5 Ke6 37. Nd4+ Kxd7 38. Nc6+ Kxc6 39. Rxd8 Kc5 40. Rg8 Kd4 41. Rxg7 Kd3 42. Rh7 Kc2 43. Rxh6 Kxb2 44. Rxb6+ Kxa2 45. h4 a4 46. h5 a3 47. h6 Ka1 48. h7 a2 49. h8=Q# 1-0

[Event "Junior Online 4NCL Division 4"]
[Site "online"]
[Date "2021.08.19"]
[EventDate "2021.08.19"]
[Round "1.196"]
[White "Ciutac, Stefan"]
[WhiteElo "1080"]
[WhiteTeam "Chess Challengers E"]
[Black "Tengayev, Temir"]
[BlackElo "895"]
[BlackTeam "Desert Penguins Unicorn"]
[Result "1-0"]
[PlyCount "47"]

1. c4 Nf6 2. g3 d6 3. Bg2 Nc6 4. Nc3 Be6 5. Nd5 Nxd5 6. cxd5 Nd4 7. dxe6 Nxe6 8. Bxb7 Rb8 9. Bc6+ Qd7 10. Bxd7+ Kxd7 11. Qa4+ Kc8 12. Qxa7 Rb7 13. Qa8+ Rb8 14. Qa6+ Rb7 15. Nf3 Nc5 16. Qc4 Na6 17. Qxa6 f6 18. O-O e5 19. d3 Kb8 20. Bd2 Kc8 21. Rab1 Kb8 22. b4 Kc8 23. b5 Kd8 24. Qxb7 1-0

[Event "Junior Online 4NCL Division 4"]
[Site "online"]
[Date "2021.08.19"]
[EventDate "2021.08.19"]
[Round "1.197"]
[White "Deng, Jiahao"]
[WhiteElo "935"]
[WhiteTeam "Desert Penguins Unicorn"]
[Black "Chavan, Aarav"]
[BlackElo "1065"]
[BlackTeam "Chess Challengers E"]
[Result "0-1"]
[PlyCount "122"]

1. e4 d5 2. exd5 Qxd5 3. Nc3 Qe6+ 4. Qe2 Qxe2+ 5. Bxe2 Nf6 6. d4 Nc6 7. Nf3 Bf5 8. Bd3 Bxd3 9. cxd3 Nb4 10. O-O Nxd3 11. Ne5 Nxe5 12. dxe5 Ng4 13. Bf4 f6 14. exf6 Nxf6 15. Bxc7 e6 16. Rfd1 Be7 17. Rd3 Rc8 18. Bg3 O-O 19. Bd6 Bxd6 20. Rxd6 Rcd8 21. Rad1 Rxd6 22. Rxd6 Re8 23. Rd7 Nxd7 24. Ne4 e5 25. Nd6 Rb8 26. Ne4 b5 27. Ng5 a5 28. Ne6 Rc8 29. Kf1 Rc1+ 30. Ke2 Rb1 31. b3 Rb2+ 32. Kd3 Rxa2 33. Ng5 Nc5+ 34. Kc3 a4 35. bxa4 Nxa4+ 36. Kb3 Rxf2 37. Kb4 Rxg2 38. Nh3 e4 39. Nf4 Rxh2 40. Kxb5 e3 41. Nd3 e2 42. Kxa4 Rh3 43. Ne1 g5 44. Kb4 g4 45. Ng2 Rh1 46. Kc3 e1=Q+ 47. Nxe1 Rxe1 48. Kd2 Re7 49. Kd3 g3 50. Kc3 g2 51. Kd4 g1=Q+ 52. Kd3 Qd1+ 53. Kc4 Rc7+ 54. Kb4 Qb1+ 55. Ka5 h5 56. Ka6 Rc2 57. Ka5 h4 58. Ka6 h3 59. Ka5 h2 60. Ka6 h1=N 61. Ka5 Ra2# 0-1

[Event "Junior Online 4NCL Division 4"]
[Site "online"]
[Date "2021.08.19"]
[EventDate "2021.08.19"]
[Round "1.198"]
[White "Singh Gehlote, Sohum"]
[WhiteElo "1129"]
[WhiteTeam "Chess Challengers E"]
[Black "Becker, Mia"]
[BlackElo "700"]
[BlackTeam "Desert Penguins Unicorn"]
[Result "1-0"]
[PlyCount "65"]

1. e4 c5 2. Nc3 d6 3. Bc4 e6 4. Nf3 Nf6 5. d4 Nc6 6. dxc5 dxc5 7. Qxd8+ Nxd8 8. O-O Nc6 9. Be3 Bd7 10. Rad1 Bd6 11. Nb5 O-O 12. Nxd6 Rad8 13. Nxb7 Bc8 14. Nxd8 Rxd8 15. Rxd8+ Nxd8 16. Bxc5 Nb7 17. Bxa7 Bd7 18. Rd1 Be8 19. b4 Nd6 20. Rxd6 Nxe4 21. Rd8 Nf6 22. Bd4 h5 23. Bxf6 gxf6 24. Rxe8+ Kh7 25. Bd3+ Kg7 26. b5 Kh6 27. Rh8+ Kg7 28. Rh7+ Kg8 29. b6 Kf8 30. b7 Ke8 31. b8=Q+ Ke7 32. Qc7+ Ke8 33. Rh8# 1-0

[Event "Junior Online 4NCL Division 4"]
[Site "online"]
[Date "2021.08.19"]
[EventDate "2021.08.19"]
[Round "1.211"]
[White "Fernandes, Dion"]
[WhiteElo "1000"]
[WhiteTeam "KEGS C"]
[Black "Song, Meilin"]
[BlackElo "888"]
[BlackTeam "Surrey Kings 5"]
[Result "1-0"]
[PlyCount "51"]

1. e4 e5 2. Nf3 Nc6 3. Bc4 Nf6 4. Ng5 d5 5. exd5 Nxd5 6. Nxf7 Qd7 7. Nxh8 Bb4 8. c3 Bc5 9. Qf3 Qd6 10. Bxd5 Be6 11. c4 Kd7 12. Bxe6+ Qxe6 13. Nf7 Nd4 14. Qd3 a6 15. Ng5 Qf6 16. Ne4 Qf5 17. Nxc5+ Kd6 18. Nxb7+ Kd7 19. Qxf5+ Nxf5 20. Nc5+ Kc8 21. O-O Nd4 22. Na3 Rb8 23. Re1 Nc2 24. Nxc2 Rb4 25. Rxe5 Rxc4 26. Re8# 1-0

[Event "Junior Online 4NCL Division 4"]
[Site "online"]
[Date "2021.08.19"]
[EventDate "2021.08.19"]
[Round "1.212"]
[White "Saraty, Thomas"]
[WhiteElo "884"]
[WhiteTeam "Surrey Kings 5"]
[Black "Fernandes, Cleon"]
[BlackElo "1000"]
[BlackTeam "KEGS C"]
[Result "0-1"]
[PlyCount "34"]

1. e4 e5 2. Nf3 Nc6 3. Bb5 h6 4. Bxc6 bxc6 5. Nxe5 d6 6. Nf3 Nf6 7. d4 Nxe4 8. Qd3 Nf6 9. Qc4 d5 10. Qxc6+ Bd7 11. Qxd7+ Qxd7 12. Bxh6 Rxh6 13. g4 Nxg4 14. Ng5 Qe7+ 15. Ne6 Qxe6+ 16. Kd2 Nxf2 17. h4 Nxh1 0-1

[Event "Junior Online 4NCL Division 4"]
[Site "online"]
[Date "2021.08.19"]
[EventDate "2021.08.19"]
[Round "1.213"]
[White "Lankothu, Sushant"]
[WhiteElo "1000"]
[WhiteTeam "KEGS C"]
[Black "Gardner, Oliver"]
[BlackElo "763"]
[BlackTeam "Surrey Kings 5"]
[Result "1-0"]
[PlyCount "79"]

1. e4 e6 2. Nc3 d5 3. exd5 exd5 4. d4 Qe7+ 5. Be3 Bg4 6. Qxg4 f5 7. Qxf5 Nh6 8. Qc8+ Qd8 9. Qxd8+ Kxd8 10. Bxh6 gxh6 11. O-O-O Bb4 12. Nxd5 c6 13. Nxb4 c5 14. dxc5+ Kc8 15. Bb5 a6 16. Bc4 a5 17. Be6+ Nd7 18. Bxd7+ Kd8 19. Nd5 Kxd7 20. Nb6+ Kc7 21. Nxa8+ Kb8 22. Nb6 Kc7 23. Nf3 Kc6 24. Rhe1 Kxc5 25. Nd7+ Kc6 26. Nde5+ Kc7 27. Rd7+ Kc8 28. Red1 Rd8 29. Rxd8+ Kc7 30. R8d7+ Kb6 31. Rxh7 a4 32. Rxh6+ Kb5 33. Nd7 a3 34. bxa3 Ka4 35. Rd4+ Kxa3 36. Nfe5 b5 37. Rh3+ Kxa2 38. Nc6 b4 39. Rxb4 Ka1 40. Ra4# 1-0

[Event "Junior Online 4NCL Division 4"]
[Site "online"]
[Date "2021.08.19"]
[EventDate "2021.08.19"]
[Round "1.214"]
[White "Liu, Kieron"]
[WhiteElo "262"]
[WhiteTeam "Surrey Kings 5"]
[Black "Havis, Adam"]
[BlackElo "800"]
[BlackTeam "KEGS C"]
[Result "0-1"]
[PlyCount "76"]

1. e4 e5 2. Nf3 Nc6 3. Bc4 Bc5 4. Nc3 d6 5. d3 Bg4 6. Nd5 Nf6 7. Bg5 h6 8. Nxf6+ gxf6 9. Bxh6 Rxh6 10. Qd2 Bb4 11. c3 Bc5 12. Qxh6 Bxf3 13. gxf3 a6 14. Qg7 Qe7 15. Qg8+ Qf8 16. Qxf8+ Kxf8 17. Rg1 Ke7 18. Rg7 Rf8 19. h4 b5 20. Bd5 Nd8 21. O-O-O Rh8 22. Rh1 Bxf2 23. h5 Be3+ 24. Kd1 Bh6 25. Rg4 Ne6 26. Bxe6 Kxe6 27. f4 exf4 28. Rxf4 Bxf4 29. Rf1 Bg5 30. Rh1 f5 31. exf5+ Kxf5 32. Ke2 Kg4 33. Kf2 Bh4+ 34. Ke3 Rxh5 35. Rg1+ Kh3 36. Rh1+ Kg2 37. Re1 Re5+ 38. Kd2 Rxe1 0-1

[Event "Junior Online 4NCL Division 4"]
[Site "online"]
[Date "2021.08.19"]
[EventDate "2021.08.19"]
[Round "1.215"]
[White "Song, Meilin"]
[WhiteElo "888"]
[WhiteTeam "Surrey Kings 5"]
[Black "Fernandes, Dion"]
[BlackElo "1000"]
[BlackTeam "KEGS C"]
[Result "0-1"]
[PlyCount "34"]

1. e4 e5 2. Nf3 Nc6 3. Nc3 Bc5 4. Bc4 h6 5. d3 Nf6 6. Be3 Bb4 7. a3 Bxc3+ 8. Kf1 Bxb2 9. Rb1 Bd4 10. Bxd4 Nxd4 11. Nxd4 exd4 12. g3 d5 13. exd5 Ng4 14. f3 Ne3+ 15. Ke1 Nxd1 16. Rxd1 Qe7+ 17. Kf1 Qe3 0-1

[Event "Junior Online 4NCL Division 4"]
[Site "online"]
[Date "2021.08.19"]
[EventDate "2021.08.19"]
[Round "1.217"]
[White "Gardner, Oliver"]
[WhiteElo "763"]
[WhiteTeam "Surrey Kings 5"]
[Black "Lankothu, Sushant"]
[BlackElo "1000"]
[BlackTeam "KEGS C"]
[Result "0-1"]
[PlyCount "42"]

1. e4 e5 2. Nf3 Nc6 3. Bc4 h6 4. d3 Nf6 5. Nc3 Bb4 6. Bg5 hxg5 7. a3 Bxc3+ 8. bxc3 d6 9. O-O Bg4 10. h3 Bxf3 11. gxf3 Rxh3 12. Kg2 Qd7 13. Be6 Qxe6 14. f4 gxf4 15. f3 O-O-O 16. Rh1 Rdh8 17. Rxh3 Qxh3+ 18. Kg1 Qh2+ 19. Kf1 Qh1+ 20. Ke2 Qg2+ 21. Ke1 Rh1# 0-1

[Event "Junior Online 4NCL Division 4"]
[Site "online"]
[Date "2021.08.19"]
[EventDate "2021.08.19"]
[Round "1.218"]
[White "Havis, Adam"]
[WhiteElo "800"]
[WhiteTeam "KEGS C"]
[Black "Liu, Kieron"]
[BlackElo "262"]
[BlackTeam "Surrey Kings 5"]
[Result "1-0"]
[PlyCount "71"]

1. e4 e5 2. Nf3 Nc6 3. Bc4 Bc5 4. d3 Nf6 5. Ng5 O-O 6. Nc3 h6 7. Nf3 d6 8. Be3 Bg4 9. Bxc5 dxc5 10. h3 Bh5 11. g4 Bg6 12. Qe2 Nd4 13. Nxd4 cxd4 14. Nd5 Nxd5 15. Bxd5 c6 16. Bc4 b5 17. Bb3 a5 18. a4 b4 19. O-O-O Qg5+ 20. Qd2 Qxd2+ 21. Rxd2 c5 22. Rf1 h5 23. f4 exf4 24. Rxf4 hxg4 25. hxg4 Kh8 26. g5 f5 27. gxf6 gxf6 28. Rg2 Bh5 29. Rh2 Rg8 30. Rxh5+ Kg7 31. Rg4+ Kf8 32. Rxg8+ Ke7 33. Rxa8 Kd6 34. Rh6 Ke5 35. Rf8 f5 36. Rxf5# 1-0

[Event "Junior Online 4NCL Division 4"]
[Site "online"]
[Date "2021.08.19"]
[EventDate "2021.08.19"]
[Round "1.221"]
[White "Bajaj, Onik"]
[WhiteElo "775"]
[WhiteTeam "Watford Juniors D"]
[Black "Nukalapati, Sarthak"]
[BlackElo "1493"]
[BlackTeam "Young Dragons C"]
[Result "0-1"]
[PlyCount "78"]

1. e4 e5 2. Bc4 Nf6 3. Nf3 Nc6 4. Nc3 Nxe4 5. Nxe4 d5 6. Bd3 dxe4 7. Bxe4 Bd6 8. d3 O-O 9. Bg5 f6 10. Be3 f5 11. Bd5+ Kh8 12. d4 Bb4+ 13. c3 Bxc3+ 14. bxc3 Qxd5 15. dxe5 Qe4 16. Ng5 Qxe5 17. Nf3 Qe7 18. Ng5 f4 19. Qb3 fxe3 20. c4 exf2+ 21. Kd1 f1=Q+ 22. Rxf1 Rxf1+ 23. Kc2 Bf5+ 24. Kd2 Qxg5+ 25. Kc3 Qe3+ 26. Kb2 Qxb3+ 27. Kxb3 Rxa1 28. Kb2 Rg1 29. g3 Rg2+ 30. Ka3 Rxh2 31. Kb3 g5 32. Kc3 h5 33. Kb3 h4 34. gxh4 g4 35. h5 g3 36. h6 g2 37. h7 g1=Q 38. Kc3 Qe1+ 39. Kb3 Qb4# 0-1

[Event "Junior Online 4NCL Division 4"]
[Site "online"]
[Date "2021.08.19"]
[EventDate "2021.08.19"]
[Round "1.222"]
[White "Anandkumar, Govind"]
[WhiteElo "1217"]
[WhiteTeam "Young Dragons C"]
[Black "Naren, Riya"]
[BlackElo "592"]
[BlackTeam "Watford Juniors D"]
[Result "1-0"]
[PlyCount "39"]

1. e4 e5 2. Nf3 Nc6 3. Bc4 Bc5 4. c3 Nf6 5. d4 exd4 6. e5 Ne4 7. cxd4 Bb4+ 8. Bd2 Bxd2+ 9. Nbxd2 Nxd2 10. Qxd2 d5 11. Bb5 Bd7 12. O-O a6 13. Bxc6 Bxc6 14. Rfe1 O-O 15. Qf4 Re8 16. Ng5 f6 17. exf6 gxf6 18. Ne6 Qc8 19. Qg4+ Kh8 20. Qg7# 1-0

[Event "Junior Online 4NCL Division 4"]
[Site "online"]
[Date "2021.08.19"]
[EventDate "2021.08.19"]
[Round "1.223"]
[White "James, Harrison"]
[WhiteElo "651"]
[WhiteTeam "Watford Juniors D"]
[Black "Rajdev, Vamika"]
[BlackElo "1150"]
[BlackTeam "Young Dragons C"]
[Result "0-1"]
[PlyCount "60"]

1. d4 e6 2. e4 Nf6 3. Bg5 Be7 4. Bb5 Nxe4 5. Ne2 Nxg5 6. O-O a6 7. Bd3 O-O 8. Nd2 Nc6 9. a4 d6 10. Nb3 e5 11. Ra3 d5 12. Ng3 Bxa3 13. Nf5 Bxf5 14. Bxf5 Bxb2 15. Nc5 Nxd4 16. Qb1 Nxf5 17. Qxb2 b6 18. Qa1 bxc5 19. c4 d4 20. a5 d3 21. Qd1 d2 22. Qa1 e4 23. Kh1 e3 24. Kg1 exf2+ 25. Kxf2 Ne4+ 26. Kg1 Ne3 27. Kh1 Nxf1 28. Kg1 Ne3 29. Qa4 d1=Q+ 30. Qxd1 Qxd1# 0-1

[Event "Junior Online 4NCL Division 4"]
[Site "online"]
[Date "2021.08.19"]
[EventDate "2021.08.19"]
[Round "1.225"]
[White "Nukalapati, Sarthak"]
[WhiteElo "1493"]
[WhiteTeam "Young Dragons C"]
[Black "Bajaj, Onik"]
[BlackElo "775"]
[BlackTeam "Watford Juniors D"]
[Result "1-0"]
[PlyCount "107"]

1. e4 e5 2. Nf3 Nf6 3. Nc3 Nc6 4. d4 d5 5. dxe5 dxe4 6. Qxd8+ Kxd8 7. exf6 exf3 8. fxg7 Bxg7 9. gxf3 Nd4 10. Bd3 Nxf3+ 11. Ke2 Nd4+ 12. Kd1 Bg4+ 13. Be2 Bf3 14. Rg1 Rg8 15. Be3 Bxe2+ 16. Nxe2 Nf3 17. Rg2 Ke7 18. Kc1 Bd4 19. Rxg8 Rxg8 20. Bxd4 Nxd4 21. Kd2 Nxe2 22. Kxe2 Rg2 23. Re1 Rxh2 24. Kf3+ Kf6 25. Kg3 Rh5 26. Re3 Kf5 27. Rc3 Rg5+ 28. Kf3 Rg4 29. Rc5+ Kg6 30. Kxg4 b6 31. Rxc7 a5 32. c4 f5+ 33. Kf4 h5 34. Rb7 Kf6 35. Rxb6+ Ke7 36. c5 h4 37. Kxf5 h3 38. Rh6 Kd7 39. c6+ Kc7 40. Kg4 Kb6 41. f4 h2 42. Rxh2 Kxc6 43. f5 Kd7 44. Kg5 Ke7 45. Kg6 Kf8 46. f6 Ke8 47. Kg7 a4 48. f7+ Ke7 49. f8=Q+ Kd7 50. Rd2+ Kc7 51. Qc5+ Kb7 52. Rd7+ Kb8 53. Qb6+ Kc8 54. Qc7# 1-0

[Event "Junior Online 4NCL Division 4"]
[Site "online"]
[Date "2021.08.19"]
[EventDate "2021.08.19"]
[Round "1.226"]
[White "Naren, Riya"]
[WhiteElo "592"]
[WhiteTeam "Watford Juniors D"]
[Black "Anandkumar, Govind"]
[BlackElo "1217"]
[BlackTeam "Young Dragons C"]
[Result "0-1"]
[PlyCount "64"]

1. e4 e6 2. Nf3 d5 3. exd5 exd5 4. d4 Nf6 5. Bf4 c5 6. dxc5 Bxc5 7. Nc3 O-O 8. Bb5 Bd7 9. Ne5 Bxb5 10. Nxb5 Qa5+ 11. Bd2 Qxb5 12. Nd3 Ne4 13. Nxc5 Qxc5 14. Qe2 Nc6 15. O-O Nd4 16. Qg4 Nxc2 17. Rac1 Nxd2 18. Rfe1 Ne4 19. Re2 Rac8 20. Rcxc2 Qxc2 21. Rxc2 Rxc2 22. h3 Rxf2 23. Qd7 Rxb2 24. Qxd5 Nf6 25. Qf5 h6 26. Qe5 Rxa2 27. Qc7 Re8 28. Qxb7 Ree2 29. Qb8+ Kh7 30. Qc8 Rxg2+ 31. Kh1 Rgc2 32. Qb8 Rc1# 0-1

[Event "Junior Online 4NCL Division 4"]
[Site "online"]
[Date "2021.08.19"]
[EventDate "2021.08.19"]
[Round "1.227"]
[White "Rajdev, Vamika"]
[WhiteElo "1150"]
[WhiteTeam "Young Dragons C"]
[Black "James, Harrison"]
[BlackElo "651"]
[BlackTeam "Watford Juniors D"]
[Result "1-0"]
[PlyCount "31"]

1. d4 d5 2. c4 e5 3. e3 Bb4+ 4. Bd2 Ne7 5. Bxb4 O-O 6. Nc3 Bg4 7. Qxg4 Nd7 8. Nf3 exd4 9. Nxd4 Nb6 10. c5 Nc4 11. Bxc4 Qe8 12. Nxd5 Rd8 13. Nxe7+ Qxe7 14. O-O Qe8 15. Nf5 Kh8 16. Qxg7# 1-0

[Event "Junior Online 4NCL Division 4"]
[Site "online"]
[Date "2021.08.19"]
[EventDate "2021.08.19"]
[Round "1.231"]
[White "Garg, Arnav"]
[WhiteElo "1050"]
[WhiteTeam "Chess Challengers G"]
[Black "Kulkarni, Arnav"]
[BlackElo "1033"]
[BlackTeam "Young Dragons D"]
[Result "0-1"]
[PlyCount "116"]

1. e4 e5 2. Nf3 Nc6 3. Bc4 Nf6 4. Nc3 Nxe4 5. Nxe4 d5 6. Bxd5 Qxd5 7. d3 Bg4 8. O-O Be7 9. h3 Bh5 10. Bg5 O-O-O 11. Bxe7 Nxe7 12. Qe2 f5 13. Nc3 Qd6 14. Nb5 Qd7 15. Nxa7+ Kb8 16. Nxe5 Bxe2 17. Nxd7+ Rxd7 18. Rfe1 Bxd3 19. Rad1 Kxa7 20. cxd3 g5 21. g4 Rhd8 22. Re3 f4 23. Rf3 h6 24. Kf1 Ng6 25. d4 Rxd4 26. Ra3+ Kb6 27. Rb3+ Ka7 28. Ra3+ Kb8 29. Rxd4 Rxd4 30. f3 Ne5 31. Ke2 Kc8 32. Ra8+ Kd7 33. Ra3 Nc4 34. Rd3 Rxd3 35. Kxd3 Nxb2+ 36. Kc3 Na4+ 37. Kb4 Nb6 38. Kc3 Nd5+ 39. Kd4 Ne3 40. Ke4 Ke6 41. a4 c5 42. a5 c4 43. Kd4 Kd6 44. Kc3 Kc5 45. Kd2 Kb4 46. Ke2 Kxa5 47. Kd2 Kb4 48. Kc1 Kb3 49. Kb1 Kc3 50. Kc1 b5 51. Kb1 Kd2 52. Kb2 c3+ 53. Kb3 c2 54. Kb2 c1=Q+ 55. Kb3 Qc3+ 56. Ka2 Qb4 57. Ka1 Nc4 58. Ka2 Qb2# 0-1